| 000 | 01709nam a2200373Ia 4500 | ||
|---|---|---|---|
| 001 | ebr10156534 | ||
| 003 | CaPaEBR | ||
| 006 | m u | ||
| 007 | cr cn||||||||| | ||
| 008 | 070223s2007 dcua sb 001 0 eng d | ||
| 020 | _z0309101069 (v. 5) | ||
| 020 | _z9780309101066 (v. 5) | ||
| 040 |
_aCaPaEBR _cCaPaEBR |
||
| 035 | _a(OCoLC)567956776 | ||
| 050 | 1 | 4 |
_aDS79.744.M44 _bI64 2007eb |
| 245 | 0 | 0 |
_aInfectious diseases _h[electronic resource] / _cAbigail E. Mitchell, Laura B. Sivitz, Robert E. Black, editors ; Committee on Gulf War and Health: Infectious Diseases. |
| 260 |
_aWashington, D.C. : _bNational Academy Press, _cc2007. |
||
| 300 |
_axiv 223 p. : _bill. |
||
| 490 | 0 |
_aGulf War and health ; _v5 |
|
| 504 | _aIncludes bibliographical references and index. | ||
| 533 |
_aElectronic reproduction. _bPalo Alto, Calif. : _cebrary, _d2009. _nAvailable via World Wide Web. _nAccess may be limited to ebrary affiliated libraries. |
||
| 650 | 0 |
_aPersian Gulf War, 1991 _xHealth aspects _zUnited States. |
|
| 650 | 0 |
_aPersian Gulf War, 1991 _xVeterans _xDiseases _zUnited States. |
|
| 650 | 0 |
_aPersian Gulf syndrome _zUnited States. |
|
| 650 | 0 |
_aVeterans _xDiseases _zUnited States. |
|
| 655 | 7 |
_aElectronic books. _2local |
|
| 700 | 1 | _aMitchell, Abigail E. | |
| 700 | 1 | _aSivitz, Laura B. | |
| 700 | 1 | _aBlack, Robert E. | |
| 710 | 2 |
_aInstitute of Medicine (U.S.). _bCommittee on Gulf War and Health: Infectious Diseases. |
|
| 710 | 2 |
_aInstitute of Medicine (U.S.). _bBoard on Population Health and Public Health Practice. |
|
| 710 | 2 | _aebrary, Inc. | |
| 856 | 4 | 0 |
_uhttp://site.ebrary.com/lib/rucke/Doc?id=10156534 _zAn electronic book accessible through the World Wide Web; click to view |
| 999 |
_c201417 _d201417 |
||